Statistiken für Länder nach Bild ihres Herrschers - 1900

Klicken Sie hier um das Quiz zu spielen!

Allgemein

  • Dieses Quiz wurde 110 mal gespielt
  • Das Durchschnittsergebnis liegt bei 6 aus 16

Antwortstatistiken

Antwort% Korrekt
Deutschland
84%
Russland
83%
China
77%
Osmanisches Reich
69%
Österreich-Ungarn
67%
Vereinigte Staaten
62%
Japan
35%
Italien
23%
Äthiopien
21%
Spanien
18%
Frankreich
16%
Schweden
14%
Rumänien
13%
Vereinigtes Königreich
13%
Serbien
8%
Mexiko
3%

Verteilung der Resultate

Perzentil nach korrekt beantworteten Fragen

Anzahl Personen mit jedem Resultat

Ihre Resultats-Entwicklung

Sie haben dieses Quiz noch nicht gespielt